Aký bude rok 2009?
Ekonomický prieskum Slovenskej obchodnej a priemyselnej komory (SOPK) o očakávaniach podnikateľov. Vnímanie podnikateľského prostredia. Hodnotenie hospodárskej politiky. Riziká pre podnikateľskú činnosť. Riziká podnikania na jednotnom trhu EÚ. Dopad globálnej finančnej krízy na podnikateľský sektor...
Salvato in:
| Autore principale: | |
|---|---|
| Natura: | Capitolo di libro |
| Lingua: | slovacco |
| Soggetti: | |
| Tags: |
Nessun Tag, puoi essere il primo ad aggiungerne!!
|
MARC
| LEADER | 00000naa$a2200000$$$4500 | ||
|---|---|---|---|
| 001 | 0091250 | ||
| 005 | 20231109065733.0 | ||
| 041 | 0 | |a slo | |
| 044 | |a SK | ||
| 245 | 1 | 0 | |a Aký bude rok 2009? |c Ján Vlčko |
| 520 | |a Ekonomický prieskum Slovenskej obchodnej a priemyselnej komory (SOPK) o očakávaniach podnikateľov. Vnímanie podnikateľského prostredia. Hodnotenie hospodárskej politiky. Riziká pre podnikateľskú činnosť. Riziká podnikania na jednotnom trhu EÚ. Dopad globálnej finančnej krízy na podnikateľský sektor na Slovensku. | ||
| 610 | 2 | 0 | |a podnikanie |
| 610 | 2 | 0 | |a podnikatelia |
| 610 | 2 | 0 | |a prostredie podnikateľské |
| 610 | 2 | 0 | |a riziko podnikateľské |
| 610 | 2 | 0 | |a trh spoločný |
| 610 | 2 | 0 | |a kríza finančná |
| 610 | 2 | 0 | |a Slovensko |
| 100 | 1 | |a Vlčko, Ján | |